[Event "16. Torneo Aficionados Benidorm s-2300"]
[Site "Benidorm ESP"]
[Date "2017.12.02"]
[Round "2.1"]
[White "Fernandez Barrera, Victor"]
[Black "Alvarez Morales, Miguel"]
[Result "1-0"]
[WhiteElo "2300"]
[BlackElo "2156"]
[PlyCount "47"]
[EventDate "2017.12.01"]
[EventType "swiss"]
[EventRounds "10"]
[EventCountry "ESP"]
[SourceTitle "Ajedrez en Madrid"]
[Source "lmi"]
[SourceDate "2017.12.01"]
[SourceVersion "1"]
[SourceVersionDate "2018.01.25"]
[SourceQuality "1"]

1. e4 c5 2. Nf3 e6 3. d4 cxd4 4. Nxd4 a6 5. Nc3 Qc7 6. Be2 Nf6 7. O-O d6 8. Be3
Be7 9. f4 O-O 10. Qe1 Nc6 11. Qg3 Nxd4 12. Bxd4 b5 13. a3 Bb7 14. Kh1 Kh8 15.
Rae1 Rg8 16. Bd3 e5 17. fxe5 Nh5 18. Qh3 dxe5 19. Qxh5 exd4 20. Nd5 Bxd5 21.
exd5 g6 22. Rxf7 Rg7 23. Qf3 Rd8 24. Rexe7 1-0

[Event "16. Torneo Aficionados Benidorm s-2300"]
[Site "Benidorm ESP"]
[Date "2017.12.02"]
[Round "2.2"]
[White "Perez Perez, Gabriel"]
[Black "Gajic, Mladen"]
[Result "1-0"]
[WhiteElo "2153"]
[BlackElo "2300"]
[PlyCount "87"]
[EventDate "2017.12.01"]
[EventType "swiss"]
[EventRounds "10"]
[EventCountry "ESP"]
[SourceTitle "Ajedrez en Madrid"]
[Source "lmi"]
[SourceDate "2017.12.01"]
[SourceVersion "1"]
[SourceVersionDate "2018.01.25"]
[SourceQuality "1"]

1. e4 g6 2. d4 Bg7 3. Nc3 d6 4. f4 a6 5. Nf3 b5 6. Bd3 Nd7 7. a4 b4 8. Ne2 c5
9. c3 bxc3 10. bxc3 Nh6 11. O-O O-O 12. Kh1 Bb7 13. a5 cxd4 14. cxd4 Nc5 15.
Ng3 Nxd3 16. Qxd3 Qd7 17. Ra2 Bc6 18. Re1 Bb5 19. Qa3 Rfc8 20. Bd2 Rc4 21. Rc1
Rac8 22. Rxc4 Rxc4 23. h3 Qc7 24. Qe3 e6 25. Kh2 Kh8 26. Ra3 Ng8 27. Rc3 Ne7
28. Rxc4 Qxc4 29. Qa3 Nc8 30. f5 exf5 31. exf5 Qd5 32. Qc3 Bc6 33. fxg6 hxg6
34. Qb4 Bb7 35. Ne2 Bf6 36. Nc3 Qc6 37. d5 Qc7 38. Ne4 Bg7 39. Bg5 Bxd5 40. Nf6
Qc4 41. Qe1 Be6 42. g4 Bxf6 43. Qh4+ Kg8 44. Bxf6 1-0

[Event "16. Torneo Aficionados Benidorm s-2300"]
[Site "Benidorm ESP"]
[Date "2017.12.02"]
[Round "2.3"]
[White "Olhovik, Andrei"]
[Black "Nuta, Dan"]
[Result "1-0"]
[WhiteElo "2299"]
[BlackElo "2153"]
[PlyCount "95"]
[EventDate "2017.12.01"]
[EventType "swiss"]
[EventRounds "10"]
[EventCountry "ESP"]
[SourceTitle "Ajedrez en Madrid"]
[Source "lmi"]
[SourceDate "2017.12.01"]
[SourceVersion "1"]
[SourceVersionDate "2018.01.25"]
[SourceQuality "1"]

1. c4 c5 2. Nf3 Nf6 3. Nc3 g6 4. e4 d6 5. d4 cxd4 6. Nxd4 Bg7 7. Be2 O-O 8. Be3
a6 9. O-O b6 10. f3 Bb7 11. Qd2 Nbd7 12. Rfd1 Re8 13. Bf1 Rc8 14. Rac1 Rc7 15.
Nd5 Rc8 16. b4 e6 17. Nxf6+ Nxf6 18. Nb3 d5 19. exd5 exd5 20. c5 a5 21. cxb6
axb4 22. Na5 Qe7 23. Bd4 Rc3 24. Rxc3 bxc3 25. Qxc3 Rc8 26. Qe1 Qd7 27. Nxb7
Qxb7 28. a4 Nd7 29. Bxg7 Kxg7 30. a5 Nxb6 31. axb6 Qxb6+ 32. Qf2 Qxf2+ 33. Kxf2
Rc5 34. Ke3 h5 35. Bd3 Ra5 36. Rd2 Kf6 37. Kd4 Ke6 38. Rb2 Ra4+ 39. Ke3 g5 40.
g3 Ke5 41. Rf2 d4+ 42. Kd2 Ra2+ 43. Bc2 h4 44. Re2+ Kd5 45. gxh4 d3 46. Kxd3
Ra3+ 47. Kd2 Rxf3 48. Be4+ 1-0

[Event "16. Torneo Aficionados Benidorm s-2300"]
[Site "Benidorm ESP"]
[Date "2017.12.02"]
[Round "2.4"]
[White "Ayats Llobera, Gerard"]
[Black "Goormachtigh, Johan"]
[Result "1-0"]
[WhiteElo "2285"]
[BlackElo "2150"]
[PlyCount "41"]
[EventDate "2017.12.01"]
[EventType "swiss"]
[EventRounds "10"]
[EventCountry "ESP"]
[SourceTitle "Ajedrez en Madrid"]
[Source "lmi"]
[SourceDate "2017.12.01"]
[SourceVersion "1"]
[SourceVersionDate "2018.01.25"]
[SourceQuality "1"]

1. e4 c5 2. Nf3 e6 3. d4 cxd4 4. Nxd4 Nc6 5. Nc3 Qc7 6. f4 a6 7. Nxc6 bxc6 8.
Bd3 d5 9. O-O Nf6 10. Qe2 Be7 11. Bd2 Bb7 12. Rae1 O-O 13. Kh1 dxe4 14. Nxe4 c5
15. Bc3 Nxe4 16. Bxe4 Bxe4 17. Qxe4 Rfe8 18. f5 Bf8 19. fxe6 fxe6 20. Qg4 Qc8
21. Rxf8+ 1-0

[Event "16. Torneo Aficionados Benidorm s-2300"]
[Site "Benidorm ESP"]
[Date "2017.12.02"]
[Round "2.5"]
[White "Gomez Peco, David"]
[Black "Garcia Blanco, Omar"]
[Result "0-1"]
[WhiteElo "2130"]
[BlackElo "2274"]
[PlyCount "90"]
[EventDate "2017.12.01"]
[EventType "swiss"]
[EventRounds "10"]
[EventCountry "ESP"]
[SourceTitle "Ajedrez en Madrid"]
[Source "lmi"]
[SourceDate "2017.12.01"]
[SourceVersion "1"]
[SourceVersionDate "2018.01.25"]
[SourceQuality "1"]

1. e4 c5 2. Nf3 e6 3. d4 cxd4 4. Nxd4 Nc6 5. Nc3 Qc7 6. Be2 a6 7. Be3 Be7 8.
O-O Nf6 9. f4 d6 10. Qe1 O-O 11. Qg3 Nxd4 12. Bxd4 b5 13. a3 Bb7 14. Kh1 Rad8
15. Rae1 Bc6 16. Bd3 Qd7 17. e5 dxe5 18. Bxe5 Rfe8 19. Re3 Nh5 20. Qg4 g6 21.
f5 exf5 22. Bxf5 Qd2 23. Be6 Bxg2+ 24. Qxg2 Qxg2+ 25. Kxg2 fxe6 26. Ne4 Rd5 27.
Bc3 Rf5 28. Rxf5 gxf5 29. Nd2 Bg5 30. Re1 Bxd2 31. Bxd2 Kf7 32. Bc3 Nf4+ 33.
Kf3 Nd5 34. Be5 Rc8 35. Rg1 Rg8 36. Rd1 Rg4 37. Re1 Ne7 38. b3 Ng6 39. Bb2 Nh4+
40. Ke2 Re4+ 41. Kf2 Rxe1 42. Kxe1 Nf3+ 43. Ke2 Nxh2 44. c4 bxc4 45. bxc4 Ng4
0-1

[Event "16. Torneo Aficionados Benidorm s-2300"]
[Site "Benidorm ESP"]
[Date "2017.12.02"]
[Round "2.6"]
[White "Moreno Ibañez, Miguel"]
[Black "Van Herck, Marcel"]
[Result "1-0"]
[WhiteElo "2272"]
[BlackElo "2124"]
[PlyCount "47"]
[EventDate "2017.12.01"]
[EventType "swiss"]
[EventRounds "10"]
[EventCountry "ESP"]
[SourceTitle "Ajedrez en Madrid"]
[Source "lmi"]
[SourceDate "2017.12.01"]
[SourceVersion "1"]
[SourceVersionDate "2018.01.25"]
[SourceQuality "1"]

1. e4 e6 2. d4 d5 3. Nd2 Be7 4. e5 c5 5. dxc5 Nc6 6. Ngf3 Bxc5 7. Bd3 Qc7 8.
Qe2 Nb4 9. O-O Ne7 10. Nb3 Bb6 11. Be3 Bd7 12. a3 Nxd3 13. cxd3 O-O 14. Rac1
Nc6 15. Rc3 Rac8 16. Rfc1 Ba5 17. R3c2 Bb6 18. h4 Bxe3 19. Qxe3 Qd8 20. h5 h6
21. Nc5 b6 22. Nb7 Qe7 23. Nd6 Rc7 24. Nd4 1-0

[Event "16. Torneo Aficionados Benidorm s-2300"]
[Site "Benidorm ESP"]
[Date "2017.12.02"]
[Round "2.7"]
[White "Iglesias, Jorge"]
[Black "Korneev Leskova, Svyatoslav"]
[Result "1/2-1/2"]
[WhiteElo "2291"]
[BlackElo "2121"]
[PlyCount "101"]
[EventDate "2017.12.01"]
[EventType "swiss"]
[EventRounds "10"]
[EventCountry "ESP"]
[SourceTitle "Ajedrez en Madrid"]
[Source "lmi"]
[SourceDate "2017.12.01"]
[SourceVersion "1"]
[SourceVersionDate "2018.01.25"]
[SourceQuality "1"]

1. Nf3 e6 2. d4 f5 3. h3 Nf6 4. g4 Bb4+ 5. c3 Be7 6. gxf5 exf5 7. Qb3 d5 8. Rg1
O-O 9. Bh6 Ne8 10. c4 Kh8 11. Bf4 c6 12. cxd5 Qxd5 13. Qxd5 cxd5 14. Nc3 Be6
15. e3 Bd6 16. Ne5 Nc6 17. Nd3 Nb4 18. Bxd6 Nxd3+ 19. Bxd3 Nxd6 20. f4 Rfe8 21.
Kd2 Rac8 22. b3 Rc7 23. Rac1 Rec8 24. h4 Bf7 25. Rg5 g6 26. Ne2 Rxc1 27. Nxc1
Be8 28. Bc2 Bb5 29. Rg1 a5 30. a4 Ba6 31. Na2 Be2 32. Nc3 Bf3 33. Bd3 Kg7 34.
Rb1 Be4 35. Nxe4 Nxe4+ 36. Bxe4 fxe4 37. b4 axb4 38. Rxb4 Rc7 39. Rb5 Rd7 40.
Rb6 Kh6 41. f5 Kh5 42. fxg6 hxg6 43. Rf6 Rg7 44. Rf4 Rc7 45. Rf6 Rg7 46. Rf4
Rc7 47. Rf6 Rc4 48. Rd6 Kxh4 49. Rxd5 Kg4 50. Rd6 g5 51. Re6 1/2-1/2

[Event "16. Torneo Aficionados Benidorm s-2300"]
[Site "Benidorm ESP"]
[Date "2017.12.02"]
[Round "2.8"]
[White "Iolis, Oleg"]
[Black "Lornye, Pylyp"]
[Result "1/2-1/2"]
[WhiteElo "2119"]
[BlackElo "2264"]
[PlyCount "72"]
[EventDate "2017.12.01"]
[EventType "swiss"]
[EventRounds "10"]
[EventCountry "ESP"]
[SourceTitle "Ajedrez en Madrid"]
[Source "lmi"]
[SourceDate "2017.12.01"]
[SourceVersion "1"]
[SourceVersionDate "2018.01.25"]
[SourceQuality "1"]

1. e4 d6 2. d4 Nf6 3. Nc3 g6 4. f4 Bg7 5. Nf3 O-O 6. Bd3 Nc6 7. e5 dxe5 8. fxe5
Ng4 9. Be4 f6 10. Bd5+ Kh8 11. h3 Nh6 12. exf6 exf6 13. O-O Nf5 14. Re1 Qd6 15.
Qd2 Bd7 16. Qf2 Rae8 17. Rxe8 Rxe8 18. a3 Nd8 19. Bd2 c6 20. Bb3 Ne6 21. Ne2
Ne7 22. Re1 b6 23. Ng3 Nd5 24. Ne4 Qc7 25. Qg3 f5 26. Bxd5 cxd5 27. Qxc7 Nxc7
28. Nf2 Rxe1+ 29. Bxe1 Nb5 30. c3 Nd6 31. Bd2 Ne4 32. Bf4 Bb5 33. g4 fxg4 34.
hxg4 Bd7 35. Nxe4 dxe4 36. Ne5 Bxe5 1/2-1/2

[Event "16. Torneo Aficionados Benidorm s-2300"]
[Site "Benidorm ESP"]
[Date "2017.12.02"]
[Round "2.9"]
[White "Exposito Amaro, Josue"]
[Black "Chernikov, Vladimir"]
[Result "1-0"]
[WhiteElo "2263"]
[BlackElo "2109"]
[PlyCount "93"]
[EventDate "2017.12.01"]
[EventType "swiss"]
[EventRounds "10"]
[EventCountry "ESP"]
[SourceTitle "Ajedrez en Madrid"]
[Source "lmi"]
[SourceDate "2017.12.01"]
[SourceVersion "1"]
[SourceVersionDate "2018.01.25"]
[SourceQuality "1"]

1. e4 d6 2. Nc3 Nf6 3. f4 d5 4. e5 d4 5. exf6 dxc3 6. bxc3 exf6 7. Bc4 Bd6 8.
Qh5 O-O 9. Ne2 Be6 10. Bd3 g6 11. Qf3 Nd7 12. Qxb7 Nc5 13. Qf3 Qd7 14. O-O Bg4
15. Qf2 Rfe8 16. Ng3 Qc6 17. h3 Be6 18. Be2 Na4 19. Kh2 Bd5 20. Rb1 Bc5 21. d4
Nxc3 22. dxc5 Nxb1 23. c4 Be4 24. Nxe4 Qxe4 25. Bf3 Qxc4 26. Bxa8 Rxa8 27. Bb2
Nd2 28. Rc1 Qd3 29. Rd1 Rd8 30. Bxf6 Nf3+ 31. Qxf3 Qxd1 32. Bxd8 Qxd8 33. Qb7
a5 34. Qa6 Qb8 35. Qxa5 c6 36. Qd2 Qb5 37. Qd8+ Kg7 38. Qd4+ Kf8 39. a4 Qa6 40.
a5 h5 41. Qb4 Kg7 42. Qb2+ Kg8 43. Qf6 Qb5 44. Qe5 Qa4 45. f5 gxf5 46. Qxf5 h4
47. Qg4+ 1-0

[Event "16. Torneo Aficionados Benidorm s-2300"]
[Site "Benidorm ESP"]
[Date "2017.12.02"]
[Round "2.10"]
[White "Casuso Ruiz, Roman"]
[Black "Gromovs, Sergejs"]
[Result "0-1"]
[WhiteElo "2108"]
[BlackElo "2257"]
[PlyCount "66"]
[EventDate "2017.12.01"]
[EventType "swiss"]
[EventRounds "10"]
[EventCountry "ESP"]
[SourceTitle "Ajedrez en Madrid"]
[Source "lmi"]
[SourceDate "2017.12.01"]
[SourceVersion "1"]
[SourceVersionDate "2018.01.25"]
[SourceQuality "1"]

1. e4 d6 2. d4 Nf6 3. Nc3 g6 4. Be3 c6 5. Qd2 b5 6. Bd3 Nbd7 7. O-O-O Nb6 8.
Bg5 h6 9. Bxf6 exf6 10. f4 a6 11. Nf3 Qc7 12. e5 f5 13. h4 Be6 14. h5 O-O-O 15.
hxg6 fxg6 16. Nh4 Qf7 17. Nb1 dxe5 18. Qa5 Kb7 19. dxe5 Bc5 20. Nd2 Rd4 21. Nb3
Bb4 22. Qxb6+ Kxb6 23. Nxd4 Bxa2 24. g4 Bc5 25. c3 b4 26. Bc2 bxc3 27. bxc3
Ba3+ 28. Kd2 c5 29. e6 Bxe6 30. Rb1+ Kc7 31. Nxg6 Qxg6 32. Rhg1 cxd4 33. gxf5
dxc3+ 0-1

[Event "16. Torneo Aficionados Benidorm s-2300"]
[Site "Benidorm ESP"]
[Date "2017.12.02"]
[Round "2.11"]
[White "Serra Pages, Jordi"]
[Black "Segarra Calderer, Albert"]
[Result "1-0"]
[WhiteElo "2238"]
[BlackElo "2099"]
[PlyCount "51"]
[EventDate "2017.12.01"]
[EventType "swiss"]
[EventRounds "10"]
[EventCountry "ESP"]
[SourceTitle "Ajedrez en Madrid"]
[Source "lmi"]
[SourceDate "2017.12.01"]
[SourceVersion "1"]
[SourceVersionDate "2018.01.25"]
[SourceQuality "1"]

1. d4 Nf6 2. Nf3 g6 3. c4 Bg7 4. Nc3 d6 5. e4 O-O 6. Be2 e5 7. O-O Nc6 8. d5
Ne7 9. b4 Nh5 10. g3 f5 11. Ng5 Nf6 12. Bf3 h6 13. Ne6 Bxe6 14. dxe6 Kh8 15.
Rb1 Rb8 16. Be3 fxe4 17. Nxe4 Nxe4 18. Bxe4 Qc8 19. Qd2 Qxe6 20. Bxh6 Qxc4 21.
Bg2 Qd4 22. Qc1 Bxh6 23. Qxh6+ Kg8 24. Rbd1 Qg4 25. Bh3 Nf5 26. Qxf8+ 1-0

[Event "16. Torneo Aficionados Benidorm s-2300"]
[Site "Benidorm ESP"]
[Date "2017.12.03"]
[Round "3.1"]
[White "Saenz Narciso, Miguel Angel"]
[Black "Fernandez Barrera, Victor"]
[Result "0-1"]
[WhiteElo "2228"]
[BlackElo "2300"]
[PlyCount "120"]
[EventDate "2017.12.01"]
[EventType "swiss"]
[EventRounds "10"]
[EventCountry "ESP"]
[SourceTitle "Ajedrez en Madrid"]
[Source "lmi"]
[SourceDate "2017.12.01"]
[SourceVersion "1"]
[SourceVersionDate "2018.01.25"]
[SourceQuality "1"]

1. c4 e5 2. g3 Nf6 3. Bg2 d5 4. cxd5 Nxd5 5. Nc3 Nb6 6. Nf3 Nc6 7. O-O Be7 8.
Rb1 a5 9. d3 Be6 10. Be3 Nd5 11. Nxd5 Bxd5 12. Qa4 O-O 13. Nd2 Nb4 14. Bxd5
Nxd5 15. Qe4 f6 16. Rbc1 c6 17. Nb3 Nxe3 18. Qxe3 Qd5 19. Rc4 a4 20. Nc1 Rfd8
21. Qe4 Qxe4 22. Rxe4 b5 23. f4 Bd6 24. f5 Bc5+ 25. e3 Rd5 26. Kf2 Bb6 27. Ke2
Rad8 28. Kd2 c5 29. Kc2 c4 30. Rd1 Kf7 31. b3 cxb3+ 32. axb3 Rc8+ 33. Kb1 axb3
34. Nxb3 Rc3 35. Nc1 h6 36. g4 Rdc5 37. Rb4 Rc7 38. Na2 Rc2 39. d4 exd4 40.
Rxb5 Ba7 41. exd4 Rxh2 42. d5 Be3 43. Rb4 Rf2 44. d6 Rd7 45. Re4 Bf4 46. Red4
Rb7+ 47. Rb4 Rd7 48. Rb6 Be5 49. Nb4 Rb2+ 50. Kc1 Rb3 51. Rd5 Bxd6 52. Kc2 Rxb4
53. Rxb4 Rc7+ 54. Kb3 Bxb4 55. Kxb4 Rc1 56. Rd7+ Kg8 57. Rd4 Kh7 58. Kb3 Rf1
59. Kc3 h5 60. Kd2 hxg4 0-1

[Event "16. Torneo Aficionados Benidorm s-2300"]
[Site "Benidorm ESP"]
[Date "2017.12.03"]
[Round "3.2"]
[White "Levay, Sorin"]
[Black "Olhovik, Andrei"]
[Result "1/2-1/2"]
[WhiteElo "2196"]
[BlackElo "2299"]
[PlyCount "97"]
[EventDate "2017.12.01"]
[EventType "swiss"]
[EventRounds "10"]
[EventCountry "ESP"]
[SourceTitle "Ajedrez en Madrid"]
[Source "lmi"]
[SourceDate "2017.12.01"]
[SourceVersion "1"]
[SourceVersionDate "2018.01.25"]
[SourceQuality "1"]

1. e4 c5 2. Nf3 Nc6 3. Bb5 g6 4. O-O Bg7 5. Re1 Nf6 6. e5 Nd5 7. Nc3 Nc7 8.
Bxc6 dxc6 9. Ne4 b6 10. Nf6+ Kf8 11. Ne4 Bg4 12. d3 Bxe5 13. Nxe5 Bxd1 14. Bh6+
Kg8 15. Nxc6 Bxc2 16. Nxd8 Rxd8 17. b4 Nd5 18. bxc5 f6 19. cxb6 axb6 20. Rac1
Bxd3 21. Nc3 Kf7 22. Nxd5 Rxd5 23. Rc7 Re8 24. Be3 Ra5 25. Bxb6 Rxa2 26. Bc5
Re2 27. Rxe2 Bxe2 28. f4 h5 29. Kf2 Bb5 30. h4 Ke6 31. g3 Bd7 32. Ba7 Ra8 33.
Bc5 Ra2+ 34. Ke3 Rc2 35. Bb6 Rg2 36. Kf3 Rb2 37. Bc5 Ba4 38. Rxe7+ Kf5 39. Rf7
Bc6+ 40. Ke3 Rb3+ 41. Kd4 Be4 42. Kc4 Rxg3 43. Bd4 Kxf4 44. Bxf6 Bf5 45. Re7
Kg4 46. Re1 Kh3 47. Kd4 Rg4+ 48. Ke5 Ra4 49. Bg5 1/2-1/2

[Event "16. Torneo Aficionados Benidorm s-2300"]
[Site "Benidorm ESP"]
[Date "2017.12.03"]
[Round "3.3"]
[White "Nieves Cabanes, Javier"]
[Black "Ayats Llobera, Gerard"]
[Result "0-1"]
[WhiteElo "2184"]
[BlackElo "2285"]
[PlyCount "52"]
[EventDate "2017.12.01"]
[EventType "swiss"]
[EventRounds "10"]
[EventCountry "ESP"]
[SourceTitle "Ajedrez en Madrid"]
[Source "lmi"]
[SourceDate "2017.12.01"]
[SourceVersion "1"]
[SourceVersionDate "2018.01.25"]
[SourceQuality "1"]

1. d4 Nf6 2. Nf3 c5 3. e3 g6 4. c3 b6 5. Nbd2 Bb7 6. Bd3 d5 7. Ne5 Nbd7 8. f4
Bg7 9. Qf3 e6 10. O-O O-O 11. Rf2 Qe7 12. g4 Nxe5 13. dxe5 Nd7 14. Qg3 f6 15.
exf6 Rxf6 16. e4 e5 17. g5 Rxf4 18. Rxf4 exf4 19. Qxf4 Rf8 20. Qe3 d4 21. Qg3
dxc3 22. bxc3 Be5 23. Qg2 Bxc3 24. Rb1 Ne5 25. Be2 Bd4+ 26. Kh1 Rf2 0-1

[Event "16. Torneo Aficionados Benidorm s-2300"]
[Site "Benidorm ESP"]
[Date "2017.12.03"]
[Round "3.4"]
[White "Garcia Blanco, Omar"]
[Black "Cubas Pons, Juan Miguel"]
[Result "0-1"]
[WhiteElo "2274"]
[BlackElo "2187"]
[PlyCount "110"]
[EventDate "2017.12.01"]
[EventType "swiss"]
[EventRounds "10"]
[EventCountry "ESP"]
[SourceTitle "Ajedrez en Madrid"]
[Source "lmi"]
[SourceDate "2017.12.01"]
[SourceVersion "1"]
[SourceVersionDate "2018.01.25"]
[SourceQuality "1"]

1. e4 e6 2. d4 d5 3. Bd3 dxe4 4. Bxe4 Nf6 5. Bf3 c5 6. Ne2 Nc6 7. Be3 cxd4 8.
Nxd4 Ne5 9. Nc3 Bb4 10. Ndb5 Nxf3+ 11. gxf3 Nd5 12. Qd4 Nxe3 13. Qxe3 a6 14.
Qe5 O-O 15. Rg1 f6 16. Qg3 Qe7 17. Nd4 Bxc3+ 18. bxc3 e5 19. Nb3 Rd8 20. Qh4
Bf5 21. Qb4 Qxb4 22. cxb4 Bxc2 23. Nc5 b6 24. Ne4 Bxe4 25. fxe4 Rd4 26. f3 Rc8
27. Rg2 Rxb4 28. Rd2 Rbc4 29. Rad1 Rc2 30. h4 h5 31. Kf2 b5 32. Kg3 Rxd2 33.
Rxd2 Rc3 34. Rb2 Kf7 35. Rd2 Ra3 36. Rd7+ Kg6 37. Rd2 b4 38. Kf2 a5 39. Kg2 a4
40. Kg3 Rc3 41. Rd6 a3 42. Rb6 Rc4 43. Kf2 Rc2+ 44. Kg3 Rb2 45. Rb7 Kh7 46. Rb8
g6 47. Rb7+ Kg8 48. f4 exf4+ 49. Kxf4 Rb1 50. Ra7 Kf8 51. Ke3 Rb2 52. Rb7 Rxa2
53. Rxb4 Rh2 54. Ra4 Rxh4 55. Kd4 f5 0-1

[Event "16. Torneo Aficionados Benidorm s-2300"]
[Site "Benidorm ESP"]
[Date "2017.12.03"]
[Round "3.5"]
[White "Yuksel, Atilla Koksal"]
[Black "Moreno Ibañez, Miguel"]
[Result "1-0"]
[WhiteElo "2184"]
[BlackElo "2272"]
[PlyCount "107"]
[EventDate "2017.12.01"]
[EventType "swiss"]
[EventRounds "10"]
[EventCountry "ESP"]
[SourceTitle "Ajedrez en Madrid"]
[Source "lmi"]
[SourceDate "2017.12.01"]
[SourceVersion "1"]
[SourceVersionDate "2018.01.25"]
[SourceQuality "1"]

1. e4 c5 2. Nc3 Nc6 3. f4 g6 4. Nf3 Bg7 5. Bc4 e6 6. d3 Nge7 7. O-O d5 8. Bb3
O-O 9. Qe1 Nd4 10. Nxd4 cxd4 11. Ne2 dxe4 12. dxe4 b6 13. Bc4 Bb7 14. Ng3 Rc8
15. Qe2 Qc7 16. Bb3 Qc5 17. Kh1 h5 18. f5 exf5 19. exf5 h4 20. f6 h3 21. Ne4
Qe5 22. Rf4 Nf5 23. Qg4 Bxe4 24. Rxe4 hxg2+ 25. Qxg2 Qxf6 26. Bg5 Qc6 27. Rae1
Nd6 28. Re7 Qxg2+ 29. Kxg2 Rce8 30. Bxf7+ Nxf7 31. Rxe8 Nxg5 32. R1e7 a5 33. a3
Nf7 34. Rxf8+ Kxf8 35. Re6 d3 36. cxd3 Bxb2 37. a4 Bd4 38. Rxg6 Ne5 39. Rd6 Bc5
40. Rd5 Ng6 41. Kf3 Kf7 42. Ke4 Ke6 43. Rh5 Bd6 44. d4 Ne7 45. h4 Ng8 46. d5+
Kf6 47. Rh7 Bc5 48. h5 Bd6 49. Rd7 Bc5 50. Rb7 Nh6 51. Rc7 Nf7 52. Rc6+ Kg5 53.
h6 Nd6+ 54. Rxd6 1-0

[Event "16. Torneo Aficionados Benidorm s-2300"]
[Site "Benidorm ESP"]
[Date "2017.12.03"]
[Round "3.6"]
[White "Villar Reymundo, Juan Antonio"]
[Black "Exposito Amaro, Josue"]
[Result "0-1"]
[WhiteElo "2164"]
[BlackElo "2263"]
[PlyCount "64"]
[EventDate "2017.12.01"]
[EventType "swiss"]
[EventRounds "10"]
[EventCountry "ESP"]
[SourceTitle "Ajedrez en Madrid"]
[Source "lmi"]
[SourceDate "2017.12.01"]
[SourceVersion "1"]
[SourceVersionDate "2018.01.25"]
[SourceQuality "1"]

1. d4 d5 2. c4 Nc6 3. Nc3 dxc4 4. Nf3 Nf6 5. Bg5 Nd5 6. e4 Nxc3 7. bxc3 Na5 8.
Bxc4 Nxc4 9. Qa4+ Qd7 10. Qxc4 f6 11. Be3 b6 12. O-O e6 13. Rfe1 Bb7 14. Bf4 g5
15. Bc1 O-O-O 16. a4 a5 17. Qb3 h5 18. Bb2 h4 19. Re2 g4 20. Nd2 Ba6 21. c4 Bb4
22. Rc1 Rh6 23. Nb1 f5 24. Na3 f4 25. Rec2 h3 26. g3 fxg3 27. fxg3 Rf6 28. Re2
Rdf8 29. Nc2 Qf7 30. Ne3 Rf3 31. Qd3 Rf2 32. Rce1 Qf3 0-1

[Event "16. Torneo Aficionados Benidorm s-2300"]
[Site "Benidorm ESP"]
[Date "2017.12.03"]
[Round "3.7"]
[White "Gromovs, Sergejs"]
[Black "Segarra Martinez, Axel"]
[Result "1-0"]
[WhiteElo "2257"]
[BlackElo "2176"]
[PlyCount "75"]
[EventDate "2017.12.01"]
[EventType "swiss"]
[EventRounds "10"]
[EventCountry "ESP"]
[SourceTitle "Ajedrez en Madrid"]
[Source "lmi"]
[SourceDate "2017.12.01"]
[SourceVersion "1"]
[SourceVersionDate "2018.01.25"]
[SourceQuality "1"]

1. d4 Nf6 2. Nf3 e6 3. c4 c5 4. d5 exd5 5. cxd5 d6 6. Nc3 g6 7. e4 Bg7 8. Bg5
h6 9. Bh4 a6 10. Nd2 O-O 11. a4 Re8 12. Be2 Nbd7 13. O-O Qc7 14. f4 Rb8 15. Kh1
Nh7 16. Bg3 f5 17. Bd3 Ndf6 18. e5 Ng4 19. Nc4 dxe5 20. fxe5 Bxe5 21. Nxe5 Nxe5
22. Qd2 Qg7 23. Rae1 Ng5 24. Qe3 Ngf7 25. Qxc5 Bd7 26. Bb1 b5 27. axb5 axb5 28.
d6 Rbc8 29. Qa7 Ra8 30. Qc5 Rac8 31. Qb4 Rc4 32. Qa5 Rd4 33. Ba2 Rxd6 34. Nxb5
Rd3 35. Nc7 Nc6 36. Nxe8 Nxa5 37. Nxg7 Kxg7 38. Re7 1-0

[Event "16. Torneo Aficionados Benidorm s-2300"]
[Site "Benidorm ESP"]
[Date "2017.12.03"]
[Round "3.8"]
[White "Schaffert, Walter"]
[Black "Serra Pages, Jordi"]
[Result "1/2-1/2"]
[WhiteElo "2090"]
[BlackElo "2238"]
[PlyCount "37"]
[EventDate "2017.12.01"]
[EventType "swiss"]
[EventRounds "10"]
[EventCountry "ESP"]
[SourceTitle "Ajedrez en Madrid"]
[Source "lmi"]
[SourceDate "2017.12.01"]
[SourceVersion "1"]
[SourceVersionDate "2018.01.25"]
[SourceQuality "1"]

1. e4 e5 2. Nf3 Nc6 3. Bc4 Nf6 4. d3 Bc5 5. c3 d6 6. O-O a6 7. a4 Ba7 8. Na3 h6
9. Nc2 O-O 10. Be3 d5 11. exd5 Nxd5 12. Bxa7 Rxa7 13. Re1 Nf4 14. d4 exd4 15.
Ncxd4 Nxd4 16. Qxd4 Qxd4 17. Nxd4 c5 18. Nf3 Be6 19. Bxe6 1/2-1/2

[Event "16. Torneo Aficionados Benidorm s-2300"]
[Site "Benidorm ESP"]
[Date "2017.12.03"]
[Round "3.9"]
[White "Zohaib Hassan, Mohamed"]
[Black "Perez Perez, Gabriel"]
[Result "1/2-1/2"]
[WhiteElo "2231"]
[BlackElo "2153"]
[PlyCount "180"]
[EventDate "2017.12.01"]
[EventType "swiss"]
[EventRounds "10"]
[EventCountry "ESP"]
[SourceTitle "Ajedrez en Madrid"]
[Source "lmi"]
[SourceDate "2017.12.01"]
[SourceVersion "1"]
[SourceVersionDate "2018.01.25"]
[SourceQuality "1"]

1. c4 Nf6 2. g3 g6 3. Bg2 Bg7 4. Nc3 O-O 5. Nf3 d6 6. O-O c5 7. d4 Nc6 8. d5
Na5 9. Nd2 a6 10. a4 e6 11. Qc2 exd5 12. cxd5 Re8 13. e4 Bd7 14. b3 b5 15. axb5
axb5 16. Bb2 h5 17. h3 h4 18. g4 Nh7 19. f4 Bd4+ 20. Kh1 b4 21. Ne2 Bxb2 22.
Qxb2 Bb5 23. Rfe1 Qf6 24. e5 dxe5 25. Ne4 Qb6 26. fxe5 Bxe2 27. Qxe2 Nxb3 28.
Rxa8 Rxa8 29. Qc4 Na5 30. Qxc5 Qxc5 31. Nxc5 Rc8 32. d6 Nf8 33. d7 Rd8 34. Bd5
b3 35. Rf1 Ne6 36. Nxe6 fxe6 37. Bxe6+ Kh8 38. Rf7 Nc6 39. Rf3 Nd4 40. Bxb3
Rxd7 41. Rd3 Rd8 42. Kg2 Kg7 43. Bc4 Kf8 44. Kf2 Ke7 45. Ke3 Nc2+ 46. Kf4 Rc8
47. Bb3 Ne1 48. Rd6 Rc3 49. Rb6 Nd3+ 50. Kg5 Nxe5 51. Re6+ Kf8 52. Bd5 Nd7 53.
Kxh4 g5+ 54. Kh5 Rxh3+ 55. Kxg5 Rh7 56. Be4 Re7 57. Rd6 Rxe4 58. Rxd7 Kg8 59.
Kf5 Ra4 60. Rd6 Kf7 61. Rd7+ Kg8 62. Rb7 Ra6 63. Re7 Kf8 64. Rc7 Kg8 65. Kg5
Rb6 66. Rc5 Kg7 67. Rc7+ Kg8 68. Kf5 Ra6 69. Re7 Kf8 70. Re5 Rb6 71. Kg5 Kg7
72. Re7+ Kg8 73. Kf5 Ra6 74. Kg5 Kf8 75. Re5 Rb6 76. Kh5 Kg7 77. Rg5+ Kh7 78.
Re5 Rh6+ 79. Kg5 Rb6 80. Kf5 Kg7 81. Re7+ Kf8 82. Rd7 Rc6 83. Kg5 Kg8 84. Kh5
Rb6 85. Rd5 Kg7 86. Kg5 Rg6+ 87. Kf5 Rf6+ 88. Kg5 Rg6+ 89. Kh4 Rh6+ 90. Rh5 Kg6
1/2-1/2